| 000 | 01658nam a2200313Ia 4500 | ||
|---|---|---|---|
| 001 | ebr10433649 | ||
| 003 | CaPaEBR | ||
| 006 | m u | ||
| 007 | cr cn||||||||| | ||
| 008 | 101006s2010 dcuab sb 000 0 eng d | ||
| 020 | _z0309158117 | ||
| 020 | _z9780309158114 | ||
| 040 |
_aCaPaEBR _cCaPaEBR |
||
| 035 | _a(OCoLC)701057225 | ||
| 050 | 1 | 4 |
_aQB296.U6 _bN387 2010eb |
| 110 | 2 |
_aNational Research Council (U.S.). _bCommittee on the National Requirements for Precise Geodetic Infrastructure. |
|
| 245 | 1 | 0 |
_aPrecise geodetic infrastructure _h[electronic resource] : _bnational requirements for a shared resource / _cCommittee on the National Requirements for Precision Geodetic Infrastructure, Committee on Seismology and Geodynamics, Board on Earth Sciences and Resources, Division on Earth and Life Studies, National Research Council of the National Academies. |
| 260 |
_aWashington, D.C. : _bNational Academies Press, _cc2010. |
||
| 300 |
_axiv, 142 p. : _bcol. ill., maps. |
||
| 504 | _aIncludes bibliographical references (p. 113-120). | ||
| 533 |
_aElectronic reproduction. _bPalo Alto, Calif. : _cebrary, _d2011. _nAvailable via World Wide Web. _nAccess may be limited to ebrary affiliated libraries. |
||
| 650 | 0 |
_aGeodesy _xStandards _zUnited States. |
|
| 650 | 0 |
_aGeophysics _zUnited States. |
|
| 655 | 7 |
_aElectronic books. _2local |
|
| 710 | 2 |
_aNational Research Council (U.S.). _bCommittee on Seismology and Geodynamics. |
|
| 710 | 2 | _aNational Academies Press (U.S.) | |
| 710 | 2 | _aebrary, Inc. | |
| 856 | 4 | 0 |
_uhttp://site.ebrary.com/lib/rucke/Doc?id=10433649 _zAn electronic book accessible through the World Wide Web; click to view |
| 999 |
_c146690 _d146690 |
||